[Event "ROU-chT 1st League 2019"]
[Site "Mamaia"]
[Date "2019.09.24"]
[Round "4.25"]
[White "Musat, Adrian"]
[Black "Aczel, Gergely"]
[Result "1-0"]
[WhiteElo "2378"]
[BlackElo "2530"]
[Annotator "ChessBase"]
[PlyCount "150"]
[EventDate "2019.09.21"]
[EventType "team-tourn"]
[EventCountry "ROU"]
[SourceTitle "playchess.com"]
[Source "ChessBase"]
[SourceQuality "1"]
[TimeControl "40/5400+30:1800+30"]

1. Nf3 {[%emt 0:00:00]} c5 {[%emt 0:00:00]} 2. c4 {[%emt 0:00:00]} Nc6 {[%emt 0:00:00]} 3. d4 {[%emt 0:03:10]} cxd4 {[%emt 0:00:00]} 4. Nxd4 {[%emt 0:00:05]} Nf6 {[%emt 0:00:00]} 5. Nc3 {[%emt 0:00:32]} e6 {[%emt 0:00:00]} 6. a3 {[%emt 0:06:26]} Bc5 {[%emt 0:00:08]} 7. Nb3 {[%emt 0:01:36]} Bb6 {[%emt 0:00:02]} 8. e4 {[%emt 0:17:54]} d6 {[%emt 0:00:08]} 9. Be2 {[%emt 0:10:57]} h6 {[%emt 0:00:02]} 10. O-O {[%emt 0:04:19]} O-O {[%emt 0:00:04]} 11. Qd3 {[%emt 0:03:06]} a5 {[%emt 0:16:25]} 12. Qg3 {[%emt 0:10:41]} Kh8 {[%emt 0:00:14]} 13. Rd1 {[%emt 0:03:05]} a4 {[%emt 0:33:29]} 14. c5 {[%emt 0:03:42]} Ba7 {[%emt 0:00:44]} 15. Rxd6 {[%emt 0:10:53]} Qe7 {[%emt 0:00:10]} 16. e5 {[%emt 0:00:29]} axb3 {[%emt 0:13:23]} 17. exf6 {[%emt 0:00:17]} Qxf6 {[%emt 0:00:24]} 18. Ne4 {[%emt 0:05:15]} Qe5 {[%emt 0:21:18]} 19. Qxe5 {[%emt 0:03:50]} Nxe5 {[%emt 0:00:02]} 20. Be3 {[%emt 0:01:48]} f5 {[%emt 0:01:59]} 21. Nd2 {[%emt 0:01:58]} f4 {[%emt 0:01:08]} 22. Bxf4 {[%emt 0:04:47]} Rxf4 {[%emt 0:00:03]} 23. Rd8+ {[%emt 0:00:05]} Kh7 {[%emt 0:00:08]} 24. Nxb3 {[%emt 0:00:05]} b6 {[%emt 0:04:24]} 25. Nd4 {[%emt 0:03:24]} Bb7 {[%emt 0:03:00]} 26. Rxa8 {[%emt 0:00:11]} Bxa8 {[%emt 0:00:03]} 27. Nb5 {[%emt 0:00:22]} Bb8 {[%emt 0:03:06]} 28. cxb6 {[%emt 0:00:12]} Nd7 {[%emt 0:01:05]} 29. Nc7 {[%emt 0:00:19]} Nxb6 {[%emt 0:00:47]} 30. Nxe6 {[%emt 0:00:57]} Rf6 {[%emt 0:00:02]} 31. Bd3+ {[%emt 0:01:05]} g6 {[%emt 0:00:02]} 32. Re1 {[%emt 0:00:16]} Bd6 {[%emt 0:00:53]} 33. b4 {[%emt 0:01:11]} Nd7 {[%emt 0:01:32]} 34. Nd4 {[%emt 0:02:27]} Ne5 {[%emt 0:00:07]} 35. Bc2 {[%emt 0:00:45]} Nc4 {[%emt 0:00:50]} 36. Nb5 {[%emt 0:00:14]} Bf8 {[%emt 0:01:25]} 37. Bd3 {[%emt 0:00:47]} Nb2 {[%emt 0:00:33]} 38. Bf1 {[%emt 0:00:20]} Bc6 {[%emt 0:00:37]} 39. Nc3 {[%emt 0:00:50]} Bg7 {[%emt 0:00:33]} 40. Ne4 {[%emt 0:00:00]} Rf5 {[%emt 0:00:00]} 41. Nd6 {[%emt 0:06:28]} Rd5 {[%emt 0:09:10]} 42. Ne4 {[%emt 0:10:37]} Rd4 {[%emt 0:08:15]} 43. f3 {[%emt 0:01:57]} Nd3 {[%emt 0:00:37]} 44. Rb1 {[%emt 0:02:33]} Rd8 {[%emt 0:03:55]} 45. Be2 {[%emt 0:05:38]} Nf4 {[%emt 0:00:50]} 46. Bf1 {[%emt 0:02:20]} Ra8 {[%emt 0:01:15]} 47. g3 {[%emt 0:01:26]} Ne6 {[%emt 0:01:02]} 48. b5 {[%emt 0:00:53]} Bd5 {[%emt 0:01:01]} 49. b6 {[%emt 0:00:59]} Rb8 {[%emt 0:00:06]} 50. Bd3 {[%emt 0:01:24]} Bd4+ {[%emt 0:00:25]} 51. Kg2 {[%emt 0:00:10]} Rxb6 {[%emt 0:00:08]} 52. Rxb6 {[%emt 0:00:07]} Bxb6 {[%emt 0:00:05]} 53. Nf6+ {[%emt 0:00:06]} Kg7 {[%emt 0:01:02]} 54. Nxd5 {[%emt 0:00:02]} Ba5 {[%emt 0:01:24]} 55. f4 {[%emt 0:00:45]} Nc7 {[%emt 0:00:29]} 56. Ne7 {[%emt 0:00:42]} g5 {[%emt 0:00:05]} 57. Nf5+ {[%emt 0:00:19]} Kg6 {[%emt 0:00:41]} 58. Kf3 {[%emt 0:00:38]} gxf4 {[%emt 0:00:14]} 59. gxf4 {[%emt 0:00:09]} Ne6 {[%emt 0:00:44]} 60. Nd4+ {[%emt 0:00:50]} Kf6 {[%emt 0:00:02]} 61. Nxe6 {[%emt 0:00:22]} Kxe6 {[%emt 0:00:02]} 62. Ke4 {[%emt 0:00:18]} Bd2 {[%emt 0:04:45]} 63. a4 {[%emt 0:00:11]} Kd6 {[%emt 0:01:13]} 64. Be2 {[%emt 0:00:51]} Ke6 {[%emt 0:00:14]} 65. Bg4+ {[%emt 0:00:27]} Kd6 {[%emt 0:01:02]} 66. Kf5 {[%emt 0:01:05]} Kd5 {[%emt 0:00:19]} 67. Bf3+ {[%emt 0:00:19]} Kd4 {[%emt 0:01:03]} 68. h4 {[%emt 0:00:50]} Ke3 {[%emt 0:00:51]} 69. Bd1 {[%emt 0:00:12]} Ba5 {[%emt 0:02:23]} 70. Kg4 {[%emt 0:00:44]} Bd8 {[%emt 0:01:07]} 71. f5 {[%emt 0:01:26]} Ke4 {[%emt 0:00:33]} 72. Bc2+ {[%emt 0:00:10]} Ke5 {[%emt 0:00:23]} 73. Kh5 {[%emt 0:00:07]} Kd6 {[%emt 0:01:02]} 74. Kxh6 {[%emt 0:00:51]} Bxh4 {[%emt 0:00:01]} 75. a5 {[%emt 0:00:26]} Kd5 1-0

[Event "ROU-chT 1st League 2019"]
[Site "Mamaia"]
[Date "2019.09.24"]
[Round "4.26"]
[White "Miron, Lucian-Costin"]
[Black "Doncea, Vladimir"]
[Result "1/2-1/2"]
[WhiteElo "2490"]
[BlackElo "2341"]
[Annotator "ChessBase"]
[PlyCount "67"]
[EventDate "2019.09.21"]
[EventType "team-tourn"]
[EventCountry "ROU"]
[SourceTitle "playchess.com"]
[Source "ChessBase"]
[SourceQuality "1"]
[TimeControl "40/5400+30:1800+30"]

1. e4 {[%emt 0:00:51]} c5 {[%emt 0:00:00]} 2. Nf3 {[%emt 0:00:03]} e6 {[%emt 0:00:00]} 3. b3 {[%emt 0:00:07]} b6 {[%emt 0:01:42]} 4. Bd3 {[%emt 0:00:08]} Bb7 {[%emt 0:00:47]} 5. O-O {[%emt 0:00:22]} Nf6 {[%emt 0:01:05]} 6. e5 {[%emt 0:04:27]} Nd5 {[%emt 0:04:00]} 7. Be4 {[%emt 0:01:10]} Qc7 {[%emt 0:04:12]} 8. c4 {[%emt 0:01:07]} Nb4 {[%emt 0:07:12]} 9. Bxb7 {[%emt 0:00:11]} Qxb7 {[%emt 0:00:08]} 10. d4 {[%emt 0:00:18]} cxd4 {[%emt 0:00:57]} 11. Nxd4 {[%emt 0:00:36]} a6 {[%emt 0:06:20]} 12. Nc3 {[%emt 0:07:47]} N8c6 {[%emt 0:04:35]} 13. Nf3 {[%emt 0:07:41]} Ne7 {[%emt 0:02:24]} 14. Re1 {[%emt 0:26:06]} h5 {[%emt 0:08:40]} 15. Ne4 {[%emt 0:11:33]} Nf5 {[%emt 0:00:12]} 16. Bg5 {[%emt 0:00:04]} Qc7 {[%emt 0:02:32]} 17. a3 {[%emt 0:08:18]} Nc6 {[%emt 0:00:19]} 18. Qd2 {[%emt 0:00:07]} d6 {[%emt 0:05:35]} 19. exd6 {[%emt 0:03:23]} Bxd6 {[%emt 0:00:21]} 20. Nxd6+ {[%emt 0:14:26]} Qxd6 {[%emt 0:00:08]} 21. Qe2 {[%emt 0:04:26]} O-O {[%emt 0:01:46]} 22. Red1 {[%emt 0:00:02]} Ncd4 {[%emt 0:03:01]} 23. Nxd4 {[%emt 0:01:11]} Nxd4 {[%emt 0:00:08]} 24. Qe4 {[%emt 0:03:19]} e5 {[%emt 0:00:46]} 25. Bf4 {[%emt 0:00:34]} f6 {[%emt 0:01:09]} 26. Be3 {[%emt 0:00:22]} Rad8 {[%emt 0:00:37]} 27. Bxd4 {[%emt 0:03:25]} exd4 {[%emt 0:00:09]} 28. Rd3 {[%emt 0:00:09]} Rfe8 {[%emt 0:00:32]} 29. Qf3 {[%emt 0:01:10]} Qxa3 {[%emt 0:04:08]} 30. Qd1 {[%emt 0:00:27]} Qb4 {[%emt 0:00:26]} 31. h3 {[%emt 0:00:08]} b5 {[%emt 0:01:15]} 32. Rxd4 {[%emt 0:00:47]} Rxd4 {[%emt 0:02:25]} 33. Qxd4 {[%emt 0:00:02]} bxc4 {[%emt 0:00:13]} 34. Qxc4+ {[%emt 0:01:14]} 1/2-1/2

[Event "ROU-chT 1st League 2019"]
[Site "Mamaia"]
[Date "2019.09.24"]
[Round "4.27"]
[White "Ciorgovean, Iustin"]
[Black "Mateuta, Gabriel"]
[Result "1-0"]
[WhiteElo "2331"]
[BlackElo "2514"]
[Annotator "ChessBase"]
[PlyCount "143"]
[EventDate "2019.09.21"]
[EventType "team-tourn"]
[EventCountry "ROU"]
[SourceTitle "playchess.com"]
[Source "ChessBase"]
[SourceQuality "1"]
[TimeControl "40/5400+30:1800+30"]

1. d4 {[%emt 0:00:00]} e6 {[%emt 0:00:00]} 2. c4 {[%emt 0:00:00]} b6 {[%emt 0:00:13]} 3. e4 {[%emt 0:00:00]} Bb7 {[%emt 0:00:06]} 4. Bd3 {[%emt 0:00:00]} Bb4+ {[%emt 0:00:19]} 5. Kf1 {[%emt 0:00:00]} Be7 {[%emt 0:00:24]} 6. Nc3 d6 {[%emt 0:00:13]} 7. Nf3 {[%emt 0:00:37]} Nd7 {[%emt 0:00:21]} 8. h4 {[%emt 0:00:08]} Ngf6 {[%emt 0:20:13]} 9. h5 {[%emt 0:02:31]} h6 {[%emt 0:09:04]} 10. Qe2 {[%emt 0:08:01]} e5 {[%emt 0:27:30]} 11. d5 {[%emt 0:03:42]} Bc8 {[%emt 0:01:09]} 12. Bc2 {[%emt 0:05:02]} a5 {[%emt 0:00:55]} 13. Ba4 {[%emt 0:07:57]} O-O {[%emt 0:00:29]} 14. Bc6 {[%emt 0:00:08]} Ra7 {[%emt 0:03:25]} 15. g4 {[%emt 0:18:07]} Nc5 {[%emt 0:14:54]} 16. g5 {[%emt 0:03:28]} Ng4 {[%emt 0:01:19]} 17. gxh6 {[%emt 0:00:45]} gxh6 {[%emt 0:01:09]} 18. Nh2 {[%emt 0:04:55]} Nxh2+ {[%emt 0:03:20]} 19. Rxh2 {[%emt 0:00:01]} Kh7 20. Kg1 {[%emt 0:02:31]} Rg8+ {[%emt 0:02:22]} 21. Kh1 {[%emt 0:01:11]} f5 {[%emt 0:00:23]} 22. Bd2 {[%emt 0:02:24]} f4 {[%emt 0:02:12]} 23. Rg1 {[%emt 0:02:28]} Bg5 {[%emt 0:00:10]} 24. Qf3 {[%emt 0:00:56]} Nd7 {[%emt 0:00:18]} 25. Be1 {[%emt 0:10:41]} Nf6 {[%emt 0:00:06]} 26. Bd2 {[%emt 0:00:47]} Rg7 {[%emt 0:00:17]} 27. Be1 {[%emt 0:00:07]} Ng8 {[%emt 0:00:19]} 28. Bd2 {[%emt 0:00:03]} Ne7 {[%emt 0:00:05]} 29. Ba4 {[%emt 0:00:04]} Ra8 {[%emt 0:00:12]} 30. Bd1 {[%emt 0:00:15]} Ng8 {[%emt 0:00:23]} 31. Qd3 {[%emt 0:00:29]} Nf6 {[%emt 0:00:23]} 32. Bf3 {[%emt 0:00:04]} Bd7 {[%emt 0:02:03]} 33. Nb5 {[%emt 0:01:00]} Qc8 {[%emt 0:00:39]} 34. Qe2 {[%emt 0:00:15]} Qb7 {[%emt 0:00:27]} 35. a4 {[%emt 0:00:30]} Rag8 {[%emt 0:00:07]} 36. b3 {[%emt 0:04:36]} Kh8 {[%emt 0:00:05]} 37. Bc3 {[%emt 0:00:41]} Re7 {[%emt 0:07:38]} 38. Bb2 {[%emt 0:02:29]} Kh7 {[%emt 0:00:49]} 39. Ba3 {[%emt 0:00:22]} Qb8 {[%emt 0:00:32]} 40. Bb2 {[%emt 0:00:00]} Reg7 {[%emt 0:00:00]} 41. Bc3 {[%emt 0:01:13]} Re8 {[%emt 0:03:09]} 42. Qd1 {[%emt 0:00:19]} Qd8 {[%emt 0:04:05]} 43. Qe2 {[%emt 0:00:22]} Kh8 {[%emt 0:00:50]} 44. Qd1 {[%emt 0:00:40]} Qc8 {[%emt 0:05:36]} 45. Na7 {[%emt 0:00:49]} Qb8 {[%emt 0:01:32]} 46. Nb5 {[%emt 0:00:29]} Reg8 {[%emt 0:02:00]} 47. Qe2 {[%emt 0:01:42]} Bc8 {[%emt 0:01:14]} 48. Bb2 {[%emt 0:00:52]} Ba6 {[%emt 0:00:41]} 49. Bc3 {[%emt 0:01:21]} Qe8 {[%emt 0:01:03]} 50. Bb2 {[%emt 0:00:47]} Qe7 {[%emt 0:00:17]} 51. Bc3 {[%emt 0:00:58]} Bc8 {[%emt 0:03:03]} 52. Bb2 {[%emt 0:01:35]} Bh4 {[%emt 0:01:16]} 53. Rxg7 {[%emt 0:00:48]} Qxg7 {[%emt 0:00:05]} 54. Rg2 {[%emt 0:00:37]} Bg5 {[%emt 0:00:56]} 55. Rg1 {[%emt 0:01:13]} Qd7 {[%emt 0:00:31]} 56. Qf1 {[%emt 0:00:59]} Qf7 {[%emt 0:00:27]} 57. Qe2 {[%emt 0:03:51]} Rg7 {[%emt 0:00:14]} 58. Bc3 {[%emt 0:00:50]} Bh4 {[%emt 0:01:30]} 59. Rxg7 {[%emt 0:02:13]} Qxg7 {[%emt 0:00:05]} 60. c5 {[%emt 0:01:04]} Ng4 {[%emt 0:08:44]} 61. Bxg4 {[%emt 0:06:52]} Bxg4 {[%emt 0:00:01]} 62. f3 {[%emt 0:00:13]} Bxh5 {[%emt 0:01:51]} 63. Qg2 {[%emt 0:00:15]} Qd7 {[%emt 0:01:08]} 64. c6 {[%emt 0:01:21]} Qf7 {[%emt 0:01:44]} 65. b4 {[%emt 0:02:38]} axb4 {[%emt 0:00:18]} 66. Bxb4 {[%emt 0:00:06]} Bd8 {[%emt 0:04:48]} 67. Qh3 {[%emt 0:02:19]} Kh7 {[%emt 0:00:37]} 68. a5 {[%emt 0:00:26]} bxa5 {[%emt 0:00:04]} 69. Bxa5 {[%emt 0:00:05]} Bg6 {[%emt 0:01:27]} 70. Bxc7 {[%emt 0:01:56]} Bf6 {[%emt 0:00:33]} 71. Qd7 {[%emt 0:00:26]} Be7 {[%emt 0:00:09]} 72. Bxd6 {[%emt 0:00:25]} 1-0

[Event "ROU-chT 1st League 2019"]
[Site "Mamaia"]
[Date "2019.09.24"]
[Round "4.28"]
[White "Filip, Lucian-Ioan"]
[Black "Barzanu, Iulian"]
[Result "1-0"]
[WhiteElo "2419"]
[BlackElo "2187"]
[Annotator "NA"]
[PlyCount "101"]
[EventDate "2019.09.21"]
[EventType "team-tourn"]
[EventCountry "ROU"]
[SourceTitle "playchess.com"]
[Source "ChessBase"]
[SourceQuality "1"]
[TimeControl "40/5400+30:1800+30"]

1. d4 {[%emt 0:00:00]} Nf6 {[%emt 0:02:20]} 2. c4 {[%emt 0:00:00]} g6 {[%emt 0:00:19]} 3. Nc3 {[%emt 0:00:00]} Bg7 {[%emt 0:00:06]} 4. e4 {[%emt 0:00:13]} d6 {[%emt 0:00:37]} 5. Nf3 {[%emt 0:00:14]} O-O {[%emt 0:00:07]} 6. Be2 {[%emt 0:00:06]} e5 {[%emt 0:05:05]} 7. Be3 {[%emt 0:01:11]} Ng4 {[%emt 0:02:33]} 8. Bg5 {[%emt 0:00:12]} f6 {[%emt 0:00:18]} 9. Bc1 {[%emt 0:01:04]} Nc6 {[%emt 0:00:23]} 10. h3 {[%emt 0:01:38]} Nh6 {[%emt 0:07:38]} 11. d5 {[%emt 0:00:28]} Ne7 {[%emt 0:00:15]} 12. h4 {[%emt 0:00:20]} Nf7 {[%emt 0:05:53]} 13. h5 {[%emt 0:00:39]} c5 {[%emt 0:26:06]} 14. hxg6 {[%emt 0:10:52]} hxg6 {[%emt 0:05:21]} 15. Qd3 {[%emt 0:08:27]} a6 {[%emt 0:11:26]} 16. a4 {[%emt 0:01:37]} Bd7 {[%emt 0:02:35]} 17. a5 {[%emt 0:23:04]} b5 {[%emt 0:01:21]} 18. axb6 {[%emt 0:01:44]} Qxb6 {[%emt 0:00:09]} 19. g3 {[%emt 0:04:47]} Rfb8 {[%emt 0:02:33]} 20. Kf1 {[%emt 0:00:31]} Qc7 {[%emt 0:03:31]} 21. Kg2 {[%emt 0:01:20]} Rb6 {[%emt 0:03:22]} 22. Qd1 {[%emt 0:21:11]} g5 {[%emt 0:12:35]} 23. Nh2 {[%emt 0:12:41]} Rbb8 {[%emt 0:04:48]} 24. Ng4 {[%emt 0:05:16]} Qc8 {[%emt 0:00:42]} 25. Ne3 {[%emt 0:01:03]} Nh8 {[%emt 0:01:48]} 26. Bh5 {[%emt 0:03:02]} Rb4 {[%emt 0:00:30]} 27. Qe2 {[%emt 0:01:01]} Rab8 {[%emt 0:00:30]} 28. Qd3 {[%emt 0:00:40]} Rb3 {[%emt 0:00:23]} 29. Bd1 {[%emt 0:00:14]} R3b6 {[%emt 0:00:26]} 30. Be2 {[%emt 0:00:34]} Rb3 {[%emt 0:00:15]} 31. Bd1 {[%emt 0:00:06]} R3b6 {[%emt 0:00:13]} 32. Ba4 {[%emt 0:00:17]} Bxa4 {[%emt 0:00:28]} 33. Rxa4 {[%emt 0:00:08]} Nhg6 {[%emt 0:00:26]} 34. Qc2 {[%emt 0:01:08]} Qd7 {[%emt 0:00:28]} 35. Ra3 {[%emt 0:00:40]} Kf7 {[%emt 0:00:33]} 36. Nf5 {[%emt 0:00:40]} Rh8 {[%emt 0:00:40]} 37. Rxh8 {[%emt 0:00:09]} Nxh8 {[%emt 0:00:39]} 38. Nxe7 {[%emt 0:00:13]} Kxe7 {[%emt 0:00:48]} 39. Nd1 {[%emt 0:00:22]} Ng6 {[%emt 0:00:35]} 40. Ne3 {[%emt 0:00:00]} Kf8 {[%emt 0:00:00]} 41. Bd2 {[%emt 0:05:39]} Ne7 {[%emt 0:07:15]} 42. Ba5 {[%emt 0:08:19]} Rb7 {[%emt 0:03:50]} 43. Bc3 {[%emt 0:00:09]} Rb6 {[%emt 0:00:12]} 44. Ra1 {[%emt 0:00:30]} Qe8 {[%emt 0:02:58]} 45. Qe2 {[%emt 0:00:23]} Qd7 {[%emt 0:03:50]} 46. Qh5 {[%emt 0:00:38]} Qc8 {[%emt 0:01:25]} 47. Qf3 {[%emt 0:02:31]} Qd7 {[%emt 0:00:43]} 48. Rh1 {[%emt 0:00:51]} Rb7 {[%emt 0:06:08]} 49. Rh5 {[%emt 0:03:55]} Kg8 {[%emt 0:00:26]} 50. Ng4 {[%emt 0:00:45]} Qe8 {[%emt 0:02:09]} 51. Rh6 1-0

[Event "ROU-chT 1st League 2019"]
[Site "Mamaia"]
[Date "2019.09.24"]
[Round "4.29"]
[White "Prodileanu, Adrian"]
[Black "Secheres, Adrian-Simion"]
[Result "1/2-1/2"]
[WhiteElo "2236"]
[BlackElo "2397"]
[Annotator "NA"]
[PlyCount "86"]
[EventDate "2019.09.21"]
[EventType "team-tourn"]
[EventCountry "ROU"]
[SourceTitle "playchess.com"]
[Source "ChessBase"]
[SourceQuality "1"]
[TimeControl "40/5400+30:1800+30"]

1. c4 {[%emt 0:00:00]} c5 {[%emt 0:00:00]} 2. g3 {[%emt 0:00:00]} Nc6 {[%emt 0:00:05]} 3. Bg2 {[%emt 0:00:14]} g6 {[%emt 0:00:32]} 4. Nc3 {[%emt 0:00:20]} Bg7 {[%emt 0:00:14]} 5. Nf3 {[%emt 0:00:09]} e5 {[%emt 0:00:38]} 6. d3 {[%emt 0:00:42]} Nge7 {[%emt 0:01:17]} 7. Nd2 {[%emt 0:00:35]} d6 {[%emt 0:03:16]} 8. Nf1 {[%emt 0:00:13]} Be6 {[%emt 0:03:15]} 9. Ne3 {[%emt 0:00:13]} O-O {[%emt 0:00:09]} 10. a3 {[%emt 0:01:19]} Qd7 {[%emt 0:02:53]} 11. Rb1 {[%emt 0:00:39]} Bh3 {[%emt 0:11:43]} 12. O-O {[%emt 0:05:53]} Bxg2 {[%emt 0:05:16]} 13. Kxg2 {[%emt 0:00:07]} f5 {[%emt 0:00:05]} 14. f4 {[%emt 0:17:47]} Rae8 {[%emt 0:09:09]} 15. Ned5 {[%emt 0:04:45]} Nd4 {[%emt 0:07:03]} 16. e3 {[%emt 0:08:19]} Ne6 {[%emt 0:02:14]} 17. Qf3 {[%emt 0:06:00]} Nc6 {[%emt 0:08:01]} 18. Bd2 {[%emt 0:01:24]} Qf7 {[%emt 0:11:30]} 19. Kh1 {[%emt 0:13:21]} h6 {[%emt 0:06:08]} 20. b4 {[%emt 0:07:42]} exf4 {[%emt 0:02:28]} 21. gxf4 {[%emt 0:02:25]} g5 {[%emt 0:01:45]} 22. b5 {[%emt 0:04:36]} Ncd8 {[%emt 0:02:29]} 23. b6 {[%emt 0:01:01]} a6 {[%emt 0:00:47]} 24. Nc7 {[%emt 0:00:18]} Nxc7 {[%emt 0:02:24]} 25. bxc7 {[%emt 0:00:05]} Qxc7 {[%emt 0:00:21]} 26. fxg5 {[%emt 0:00:59]} hxg5 {[%emt 0:01:50]} 27. Qd5+ {[%emt 0:00:21]} Re6 {[%emt 0:06:11]} 28. Rxf5 {[%emt 0:01:40]} Rxf5 {[%emt 0:02:48]} 29. Qxf5 {[%emt 0:00:28]} Qf7 {[%emt 0:02:20]} 30. Qxf7+ {[%emt 0:01:23]} Nxf7 {[%emt 0:00:02]} 31. Nd5 {[%emt 0:09:44]} Be5 {[%emt 0:01:28]} 32. h3 {[%emt 0:08:19]} Rh6 {[%emt 0:01:11]} 33. Kg2 {[%emt 0:00:07]} g4 {[%emt 0:01:36]} 34. Rh1 {[%emt 0:00:13]} gxh3+ {[%emt 0:00:35]} 35. Rxh3 {[%emt 0:00:08]} Rg6+ {[%emt 0:00:50]} 36. Kf1 {[%emt 0:01:38]} Kg7 {[%emt 0:00:49]} 37. e4 {[%emt 0:02:49]} Bd4 {[%emt 0:01:18]} 38. Be3 {[%emt 0:00:44]} Ng5 {[%emt 0:03:40]} 39. Bxd4+ {[%emt 0:01:19]} cxd4 {[%emt 0:00:02]} 40. Rg3 {[%emt 0:00:00]} Ne6 {[%emt 0:00:00]} 41. Rxg6+ {[%emt 0:18:22]} Kxg6 {[%emt 0:01:06]} 42. Ke2 {[%emt 0:00:39]} Kf7 {[%emt 0:01:33]} 43. Kd2 {[%emt 0:00:26]} Ke8 {[%emt 0:00:41]} 1/2-1/2

[Event "ROU-chT 1st League 2019"]
[Site "Mamaia"]
[Date "2019.09.24"]
[Round "4.30"]
[White "Ognean, Mihnea-Ionut"]
[Black "Micu, Iulian"]
[Result "1/2-1/2"]
[WhiteElo "2285"]
[BlackElo "2165"]
[Annotator "NA"]
[PlyCount "111"]
[EventDate "2019.09.21"]
[EventType "team-tourn"]
[EventCountry "ROU"]
[SourceTitle "playchess.com"]
[Source "ChessBase"]
[SourceQuality "1"]
[TimeControl "40/5400+30:1800+30"]

1. d4 {[%emt 0:00:00]} d6 {[%emt 0:00:18]} 2. e4 {[%emt 0:00:00]} Nf6 {[%emt 0:00:19]} 3. Nc3 {[%emt 0:00:05]} e5 {[%emt 0:00:23]} 4. Nf3 {[%emt 0:00:10]} Nbd7 {[%emt 0:00:32]} 5. Bc4 {[%emt 0:00:19]} Be7 {[%emt 0:00:43]} 6. a4 {[%emt 0:00:17]} O-O {[%emt 0:00:30]} 7. O-O {[%emt 0:00:04]} a5 {[%emt 0:01:55]} 8. h3 {[%emt 0:02:30]} b6 {[%emt 0:03:30]} 9. Re1 {[%emt 0:03:21]} Bb7 {[%emt 0:03:07]} 10. Qd3 {[%emt 0:15:40]} Re8 {[%emt 0:04:45]} 11. Be3 {[%emt 0:32:31]} Bf8 {[%emt 0:06:46]} 12. Rad1 {[%emt 0:04:33]} g6 {[%emt 0:14:33]} 13. Bg5 {[%emt 0:04:44]} h6 {[%emt 0:03:23]} 14. Bh4 {[%emt 0:01:13]} Bg7 {[%emt 0:06:27]} 15. Bd5 {[%emt 0:07:43]} c6 {[%emt 0:10:47]} 16. Ba2 {[%emt 0:00:11]} Qe7 {[%emt 0:00:16]} 17. d5 {[%emt 0:00:20]} c5 {[%emt 0:00:25]} 18. Nd2 {[%emt 0:02:25]} g5 {[%emt 0:02:14]} 19. Bg3 {[%emt 0:00:04]} Nh5 {[%emt 0:00:29]} 20. Nc4 {[%emt 0:01:18]} Ba6 {[%emt 0:00:34]} 21. Qf3 {[%emt 0:02:44]} Nf4 {[%emt 0:00:26]} 22. Ne3 {[%emt 0:00:30]} Nf6 {[%emt 0:03:43]} 23. Bc4 {[%emt 0:04:39]} Bc8 {[%emt 0:00:36]} 24. Bb5 {[%emt 0:02:11]} Rd8 {[%emt 0:04:14]} 25. Nf5 {[%emt 0:03:29]} Qf8 {[%emt 0:00:55]} 26. Kh2 {[%emt 0:02:15]} h5 {[%emt 0:04:16]} 27. Bxf4 {[%emt 0:00:48]} exf4 {[%emt 0:03:14]} 28. g3 {[%emt 0:00:28]} fxg3+ {[%emt 0:00:48]} 29. fxg3 {[%emt 0:00:42]} g4 {[%emt 0:00:21]} 30. Qf4 {[%emt 0:01:44]} gxh3 {[%emt 0:01:38]} 31. Be2 {[%emt 0:01:33]} Bxf5 {[%emt 0:03:30]} 32. exf5 {[%emt 0:01:52]} Re8 {[%emt 0:02:06]} 33. Bf3 {[%emt 0:01:27]} Bh6 {[%emt 0:08:29]} 34. Qh4 {[%emt 0:00:43]} Qg7 {[%emt 0:03:46]} 35. Bxh5 {[%emt 0:00:54]} Qg5 {[%emt 0:03:12]} 36. Qxg5+ {[%emt 0:00:14]} Bxg5 {[%emt 0:00:02]} 37. Bf3 {[%emt 0:00:05]} Rxe1 {[%emt 0:00:10]} 38. Rxe1 {[%emt 0:00:05]} Bd2 {[%emt 0:00:06]} 39. Re7 {[%emt 0:01:50]} Bxc3 {[%emt 0:00:09]} 40. bxc3 {[%emt 0:00:00]} Re8 {[%emt 0:00:00]} 41. Rxe8+ {[%emt 0:12:09]} Nxe8 {[%emt 0:02:43]} 42. Kxh3 {[%emt 0:01:16]} Nf6 {[%emt 0:04:43]} 43. c4 {[%emt 0:02:46]} Kg7 {[%emt 0:08:37]} 44. Kh4 {[%emt 0:00:38]} Kh6 {[%emt 0:00:48]} 45. g4 Nh7 {[%emt 0:00:11]} 46. Bg2 {[%emt 0:05:00]} f6 {[%emt 0:02:07]} 47. Bf3 {[%emt 0:00:43]} Ng5 {[%emt 0:00:11]} 48. Bg2 {[%emt 0:00:04]} Nf7 {[%emt 0:00:18]} 49. Bf3 {[%emt 0:00:19]} Ne5 {[%emt 0:00:12]} 50. Be2 {[%emt 0:00:08]} Nd7 {[%emt 0:00:11]} 51. c3 {[%emt 0:00:51]} Ne5 {[%emt 0:00:25]} 52. Kh3 {[%emt 0:02:25]} Kg5 {[%emt 0:00:34]} 53. Kg3 {[%emt 0:00:03]} Nd7 {[%emt 0:02:29]} 54. Bd1 {[%emt 0:01:07]} Nf8 {[%emt 0:00:42]} 55. Bc2 {[%emt 0:01:35]} Nd7 {[%emt 0:02:11]} 56. Bd1 {[%emt 0:00:03]} 1/2-1/2

[Event "ROU-chT 1st League 2019"]
[Site "Mamaia"]
[Date "2019.09.25"]
[Round "5.1"]
[White "Istratescu, Andrei"]
[Black "Kuzubov, Yuriy"]
[Result "0-1"]
[WhiteElo "2556"]
[BlackElo "2636"]
[Annotator "TA"]
[PlyCount "94"]
[EventDate "2019.09.21"]
[EventType "team-tourn"]
[EventCountry "ROU"]
[SourceTitle "playchess.com"]
[Source "ChessBase"]
[SourceQuality "1"]

{[%evp 13,94,1,2,0,0,0,0,1,0,-36,-28,-21,18,18,20,10,27,0,0,0,0,-33,-20,-20,-19,-24,-24,-48,-18,-42,-31,-36,-32,-58,-67,-75,-66,-75,-80,-80,-75,-76,-64,-81,-72,-119,-119,-119,-112,-112,-112,-133,-125,-127,-118,-127,-112,-112,-112,-127,-112,-112,-112,-112,-112,-173,-173,-357,-352,-385,-349,-319,-268,-252,-244,-222,-212,-197,-215,-172,-174,-813,-802]} 1. d4 Nf6 2. c4 e6 3. Nf3 d5 4. Nc3 Nbd7 5. cxd5 exd5 6. Qc2 c6 7. Bf4 Nh5 8. Bd2 {D35: Queen's Gambit Declined: Exchange Variation} (8. g3 Nxf4 9. gxf4 Nb6 10. e3 g6 11. h4 Bb4 12. Bd3 Bg4 13. Ne5 Bh5 14. Be2 Bxe2 15. Kxe2 f6 {½-½ (29) Topalov,V (2754)-Carlsen,M (2851) Stavanger 2016}) 8... Nb6 9. h3 $146 ({Predecessor:} 9. g3 g6 10. Bg2 Bf5 11. Qb3 a5 12. Bg5 f6 13. Bc1 a4 14. Qd1 Bb4 15. O-O Qd7 {1-0 (39) Khenkin,I (2632)-Stern,R (2502) Osterburg 2012}) 9... Be6 10. g4 {The position is equal.} Nf6 11. Bf4 Bb4 12. e3 Rc8 (12... Ne4 $5) 13. Bd3 c5 14. dxc5 Nbd7 15. a3 Bxc3+ 16. Qxc3 {And now Bd6 would win.} Nxc5 17. Bg5 d4 18. Bb5+ ({Reject} 18. exd4 Nb3 $19) 18... Bd7 19. Bxd7+ ({But not} 19. Nxd4 $2 Bxb5 20. Bxf6 gxf6 $19) 19... Qxd7 20. exd4 Ne6 21. Qd3 Nxg5 22. Nxg5 h5 23. gxh5 Qd5 $36 {[%mdl 2048] White is under pressure.} 24. Qe3+ Kf8 25. O-O Re8 26. Qd2 Rxh5 27. f4 Ne4 28. Nxe4 $1 Rxe4 29. Rf3 Rxd4 30. Qe3 Rf5 31. Raf1 a5 32. Qb3 Qd7 33. Qc3 Kg8 34. R1f2 g6 35. Kg2 Kh7 36. Qe3 Qd6 37. Kg1 b5 {[%cal Bb7b5,Bb5b4,Bb4b3][%mdl 32]} 38. Kg2 a4 39. Kg1 (39. b3 $17) 39... b4 $19 40. Kg2 $2 {[#]} (40. Kh2 {keeps fighting.}) 40... b3 $1 41. Kg1 Rc4 42. Kg2 Qc6 43. Kg3 Rc2 44. Rd2 Qc7 45. Rff2 Rg5+ 46. Kh2 Rgc5 47. Kg3 $2 {[#]} (47. Kg2) 47... Rxb2 $1 {[%mdl 512] Accuracy: White = 56%, Black = 86%.} 0-1